Summer Olympic Games: Countries by First Time Gold Medal - Statistics

General Stats
  • This quiz has been taken 119 times
    30 since last reset
  • The average score is 59 of 112
Answer Stats
Hint Answer % Correct
1896 D{enmark}
92%
1896 F{rance}
92%
1896 A{ustralia}
88%
1896 A{ustria}
88%
1900 B{elgium}
88%
1896 G{ermany}
85%
1896 G{reece}
85%
1896 H{ungary}
85%
1928 J{apan}
85%
1900 S{pain}
85%
1896 U{nited} {States}
85%
1900 C{anada}
81%
1928 N{ew} {Zealand}
81%
1908 R{ussia}
81%
1900 C{uba}
77%
1908 F{inland}
77%
1928 I{ndia}
77%
1948 J{amaica}
77%
1928 P{oland}
77%
1976 T{rinidad} and {Tobago}
77%
1924 U{ruguay}
77%
1924 Y{ugoslavia}
77%
1896 G{reat} {Britain}
73%
1900 I{taly}
73%
1948 M{exico}
73%
1948 P{eru}
73%
1924 A{rgentina}
69%
1920 E{stonia}
69%
1956 I{ran}
69%
1908 N{orway}
69%
1968 V{enezuela}
69%
1968 W{est} {Germany}
69%
1980 Z{imbabwe}
69%
1920 B{razil}
65%
1956 B{ulgaria}
65%
1928 I{reland}
65%
1952 L{uxembourg}
65%
1908 S{outh} {Africa}
65%
1968 K{enya}
62%
1952 R{omania}
62%
1908 S{weden}
62%
1972 U{ganda}
62%
1908 A{ustralasia}
58%
1968 E{ast} {Germany}
58%
1992 L{ithuania}
58%
1920 N{etherlands}
58%
1972 N{orth} {Korea}
58%
1976 S{outh} {Korea}
58%
1960 B{ahamas}
54%
1984 C{hina}
54%
1924 C{zechoslovakia}
54%
1928 E{gypt}
54%
1960 E{thiopia}
54%
1984 M{orocco}
54%
1984 P{ortugal}
54%
1988 S{uriname}
54%
1896 S{witzerland}
54%
1996 U{kraine}
54%
1992 A{lgeria}
50%
1996 C{roatia}
50%
1996 E{cuador}
50%
1996 N{igeria}
50%
1936 T{urkey}
50%
1956 United Team of G{ermany}
50%
1996 C{osta} {Rica}
46%
2004 D{ominican} {Republic}
46%
1996 K{azakhstan}
46%
1996 A{rmenia}
42%
2000 A{zerbaijan}
42%
1996 C{zech} {Republic}
42%
1996 H{ong} {Kong}
42%
1996 L{atvia}
42%
2020* Q{atar}
42%
2000 S{lovenia}
42%
1952 S{oviet} {Union}
42%
2000 U{zbekistan}
42%
1992 I{ndonesia}
38%
2000 M{ozambique}
38%
1960 P{akistan}
38%
1996 S{lovakia}
38%
1996 T{hailand}
38%
1968 T{unisia}
38%
1996 B{elarus}
35%
1996 B{urundi}
35%
2000 C{ameroon}
35%
2000 C{olombia}
35%
2016 F{iji}
35%
2004 G{eorgia}
35%
1996 S{yria}
35%
2004 U{nited} {Arab} {Emirates}
35%
2016 V{ietnam}
35%
2004 I{srael}
31%
2016 K{osovo}
31%
2024 G{uatemala}
27%
2024 S{aint} {Lucia}
27%
2012 S{erbia}
27%
2004 T{aiwan}
27%
2004 C{hile}
23%
2024 D{ominica}
23%
2012 G{renada}
23%
2016 J{ordan}
23%
2008 P{anama}
23%
2020* P{hilippines}
23%
1996 S{erbia} and {Montenegro}
23%
2016 I{vory} {Coast}
19%
2008 M{ongolia}
19%
2016 T{ajikistan}
19%
2016 B{ahrain}
15%
2024 B{otswana}
15%
2016 P{uerto} {Rico}
15%
2016 S{ingapore}
15%
2020* B{ermuda}
12%
No matching quizzes found
Score Distribution
Percent of People with Each Score
Percentile by Number Answered
Your Score History
You have not taken this quiz since the last reset